000 00432nam a2200169 4500
001 126599
003 ES-MaACL
005 20230906192840.0
007 t|
008 070214s1910 fr r ||||1| fre d
100 1 _aReval, Gabrielle.
_996385
245 1 3 _aLa bacheliere
_b: roman /
_cGabrielle Reval.
250 _a2ยช. ed.
260 _aParis :
_bL. Pochy,
_c1910.
300 _a335 p. ;
_c19 cm.
852 _aES-MaACL
_jD-2902
999 _c126599
_d126599